| 000 | 00434nam a2200169 a 4500 | ||
|---|---|---|---|
| 001 | 0000-8784 | ||
| 003 | ELIB.Books | ||
| 008 | 110520 1998 | ||
| 035 | _a(ELIB.Books)0000-8930 | ||
| 082 |
_a224.06 _bGow |
||
| 100 | _aGowan, Donald G. | ||
| 245 | _aTheology of the Prophetic Books | ||
| 260 |
_bLondon: Westminister John Knox _c1998 |
||
| 650 | _aProphets | ||
| 942 |
_2ddc _cBK |
||
| 998 |
_cbat _e2011-05-20 |
||
| 999 |
_c8784 _d8784 |
||